| 000 | 00718nam a2200229Ia 4500 | ||
|---|---|---|---|
| 005 | 20241129105928.0 | ||
| 008 | 241129s9999||||xx |||||||||||||| ||und|| | ||
| 020 | _a978-81-7119-728-6 | ||
| 037 | _aTB | ||
| 040 |
_aARTS _bhin _cARTS |
||
| 041 |
_ahin _2hin |
||
| 084 |
_aO152,3N31x Q7 _qARTS |
||
| 100 | _aमन्नू भंडारी, ले. | ||
| 245 | 0 |
_aत्रिशंकु _cमन्नू भंडारी, ले. |
|
| 250 | _a5 | ||
| 260 |
_aदिल्ली, भारत _bराधाकृष्ण प्रकाशन _c2010 |
||
| 300 | _a159पृ0 | ||
| 365 |
_aINR _b350 |
||
| 650 | _aHindi Fiction | ||
| 942 |
_cTB _hO152,3N31x Q7 |
||
| 999 |
_c1226624 _d1226624 |
||